Quiz o flagach nieistniejących państw - Statystyki

Ogólne statystyki
  • Ten quiz został rozwiązany 5 razy
  • Średni wynik to 2 z 8
Statystyki odpowiedzi
Obrazkowy Odpowiedź % Poprawnych
Ukraina/ Zachodnioukraińska Republika Ludowa
100%
Protektoriat Czech i Moraw/ Czechy
33%
Wolne Miasto Kraków
33%
Królestwo Westfalii/Westfalia
0%
Księstwo mazowieckie
0%
Księstwo Siedmiogrodu/ Siedmiogród
0%
Wielkie Księstwo Moskiewskie/ Moskwa
0%
Wielkie Księstwo poznańskie
0%
Nie znaleziono quizów pasujących do podanych kryteriów
Rozkład punktacji
Procent ludzi z każdym wynikiem
Percentyl według liczby udzielonych odpowiedzi
Twoja historia wyników
Nie rozwiązałeś tego quizu